| 000 | 01007cam a22003017a 4500 | ||
|---|---|---|---|
| 003 | CHAP | ||
| 005 | 20220329141614.0 | ||
| 008 | 971013s1912 r 00010 d | ||
| 010 | _a70893 | ||
| 011 | _a71865 | ||
| 035 | _a81419 | ||
| 040 | _cCHAP | ||
| 082 |
_a635 _bC35t |
||
| 100 | 0 | 0 |
_aCalvino, Mario. _917613 |
| 245 | 0 | _aTrabajos diversos ejecutados por la división de horticultura de la Estación Agrícola Central en el año de 1911 | |
| 260 |
_aMéxico, D. F. : _bSecretaría de Fomento, _c1912 |
||
| 300 |
_a82 p. _b: ilus. |
||
| 490 | 0 |
_aSecretaría de Fomento. Boletín _v; 66 |
|
| 590 |
_aBATCH-UPD _b10 _c20130110 _lUCH01 _h0559 |
||
| 590 |
_aBATCH-UPD _b10 _c20130410 _lUCH01 _h0241 |
||
| 590 |
_aBATCH-UPD _b10 _c20130914 _lUCH01 _h0902 |
||
| 590 |
_aCONVERSION _b10 _c20130109 _lUCH01 _h1339 |
||
| 650 | 1 | 4 |
_aHorticultura _xMéxico. _956357 |
| 830 | 0 |
_aSecretaría de Fomento. Boletín _v; 66 _9103546 |
|
| 901 | _aBK | ||
| 942 | _cLIBRO | ||
| 949 |
_a635 C35t _bBC _cBPA _d-34750 _eBPA _i81419 _si |
||
| 999 |
_c70893 _d70893 |
||